Mylène Farmer - Innamoramento - Statistiques

Statistiques générales
  • Ce quiz a été pris 85 fois
  • Le résultat moyen est 8 sur 13
Statistiques - réponses
Hint Réponse % Correct
7. Innamoramento
92%
8. Optimistique-moi
79%
9. Serais-tu là ?
79%
4. Dessine-moi un mouton
76%
5. Je te rends ton amour
74%
2. L’âme-stram-gram
71%
1. L’amour naissant
68%
13. Mylenium
65%
10. Consentement
61%
6. Méfie-toi
53%
3. Pas le temps de vivre
51%
12. Souviens-toi du jour…
49%
11. Si vieillir m’était conté
28%
Aucun quiz correspondant
Distribution des résultats
% des personnes avec chaque résultat
Percentile par nombre de réponses
Votre historique - résultats
Vous n’avez pas pris ce quiz